000 00457nam a22001577a 4500
999 _c15309
_d15309
082 _a631.51
_bYAT/RO
100 _aYATSUK, E. P
_92956
245 _aRotary soil working machines: Constructional, calculation and design
260 _aNew Delhi
_bAmerind Publishing Co. Pvt. Ltd.
_c1971
300 _a256
700 _aPanov, I. M
_92957
700 _aEfimov, D. N
_92958
700 _aMarchenko, O. S
_92959
700 _aChernenkov, A. D
_92960
942 _cBK